00452nam a2200205Ia 4500003000900000005001700009008004100026040001300067040001300080041000800093100001700101100000900118245004800127250001000175260002500185260000900210300001100219300001000230490000600240IT-RoPAU20220918175833.0120407s9999 xx 000 0 und d aIT-RoPAU cIT-RoPAU aita aLuigi Sturzo csac. aLa vera vitabSociologia del soprannaturale aRoma  aStoria e Letteratura c1947 a319 p. c20 cm v1